000 01663nam a2200385 a 4500
001 ebr10658534
003 CaPaEBR
006 m u
007 cr cn|||||||||
008 120817s2013 enka sb 001 0 eng d
010 _z 2012030428
020 _z9781409455776 (hardcover : alk. paper)
020 _z9781409455783 (e-book)
040 _aCaPaEBR
_cCaPaEBR
035 _a(OCoLC)828629057
043 _ae-uk-en
_ae-uk---
050 1 4 _aBX5073
_b.Y68 2013eb
082 0 4 _a283/.4209032
_223
100 1 _aYoungman, Fiona,
_d1961-
245 1 0 _aBaal's priests
_h[electronic resource] :
_bthe loyalist clergy and the English Revolution /
_cFiona McCall.
260 _aFarnham, Surrey, England ;
_aBurlington, Vt. :
_bAshgate,
_cc2013.
300 _axvi, 336 p. :
_bill.
440 0 _aSt. Andrews studies in Reformation history
504 _aIncludes bibliographical references and index.
533 _aElectronic reproduction.
_bPalo Alto, Calif. :
_cebrary,
_d2013.
_nAvailable via World Wide Web.
_nAccess may be limited to ebrary affiliated libraries.
610 2 0 _aChurch of England
_xClergy
_xHistory
_y17th century.
650 0 _aAnglican Communion
_zEngland
_xClergy
_xHistory
_y17th century.
650 0 _aPersecution
_zEngland
_xHistory
_y17th century.
651 0 _aEngland
_xChurch history
_y17th century.
651 0 _aGreat Britain
_xHistory
_yCivil War, 1642-1649.
651 0 _aGreat Britain
_xHistory
_yPuritan Revolution, 1642-1660.
655 7 _aElectronic books.
_2local
710 2 _aebrary, Inc.
856 4 0 _uhttp://site.ebrary.com/lib/rucke/Doc?id=10658534
_zAn electronic book accessible through the World Wide Web; click to view
999 _c65406
_d65406